000 00227nam a2200085Ia 4500
008 170620s9999 xx 000 0 und d
100 _aPindyck- Robert S.
245 0 _aMicro Economics
260 _bNew Delhi- Prentice Hall of India Pvt. Ltd.
260 _c1998
999 _c23764
_d23764